[Event "37 Open Vila de Sitges 2011"]
[Site "Sitges (ESP)"]
[Date "2011.07.30"]
[Round "9.9"]
[White "Cruz, Cristhian"]
[Black "Vidarte Morales, Arturo"]
[Result "1-0"]
[WhiteElo "2470"]
[BlackElo "2359"]
[PlyCount "73"]
[EventDate "2011.07.22"]
[EventType "swiss"]
[EventRounds "9"]
[EventCountry "ESP"]

1. d4 f5 2. g3 Nf6 3. Bg2 g6 4. c4 Bg7 5. Nf3 O-O 6. b4 c6 7. O-O d6 8. Bb2 Kh8
9. Nbd2 Be6 10. Ne1 Bg8 11. Nd3 Nbd7 12. Qc2 Rc8 13. Rfe1 d5 14. c5 g5 15. Nf3
Ne4 16. Nfe5 Be6 17. f3 Nef6 18. Bc1 Nxe5 19. dxe5 Nd7 20. Bxg5 Nxe5 21. Nf4
Qd7 22. Nh5 Rg8 23. Nxg7 Rxg7 24. Be3 Rcg8 25. Bd4 Ng6 26. Rad1 Qc7 27. Bh3 Qc8
28. e4 Nh4 29. Bg2 Nxg2 30. Qxg2 fxe4 31. fxe4 Qd7 32. Re3 Rf8 33. Qb2 Rff7 34.
Rde1 Kg8 35. Bxg7 Rxg7 36. exd5 Bxd5 37. Qxg7+ 1-0